Thermodynamics (Record no. 8344)

000 -LEADER
fixed length control field 00603nam a2200217 i 4500
001 - CONTROL NUMBER
control field 8344
003 - CONTROL NUMBER IDENTIFIER
control field BD-DhUET
008 - FIXED-LENGTH DATA ELEMENTS--GENERAL INFORMATION
fixed length control field 770308s1978 nyua b 001 0 eng
020 ## - INTERNATIONAL STANDARD BOOK NUMBER
International Standard Book Number 0023355301
040 ## - CATALOGING SOURCE
Original cataloging agency DLC
Transcribing agency DLC
Modifying agency BD-DhUET
082 ## - DEWEY DECIMAL CLASSIFICATION NUMBER
Classification number 621.01
Item number FAI/1970
100 ## - MAIN ENTRY--PERSONAL NAME
Personal name Faires, Virgil Moring
245 10 - TITLE STATEMENT
Title Thermodynamics
Statement of responsibility, etc. by Virgil Moring Faires and Clifford Max Simmang
250 ## - EDITION STATEMENT
Edition statement 6th ed.
260 ## - PUBLICATION, DISTRIBUTION, ETC. (IMPRINT)
Place of publication, distribution, etc. New York
Name of publisher, distributor, etc. Macmillan
Date of publication, distribution, etc. 1970
300 ## - PHYSICAL DESCRIPTION
Extent xxiii, 647 p.
Other physical details ill.
Dimensions 26 cm.
504 ## - BIBLIOGRAPHY, ETC. NOTE
Bibliography, etc Includes bibliographies
650 #0 - SUBJECT ADDED ENTRY--TOPICAL TERM
Topical term or geographic name as entry element Thermodynamics
700 ## - ADDED ENTRY--PERSONAL NAME
Personal name Simmang, Clifford Max
942 ## - ADDED ENTRY ELEMENTS (KOHA)
Koha item type General Book
Holdings
Koha date last seen Shelving location Copy number Withdrawn status Koha normalized classification for sorting Damaged status Piece designation (barcode) Sublocation or collection (holding branch) Source of classification or shelving scheme Not for loan Koha full call number Koha item type Location (home branch) Date acquired Lost status Price effective from
2015-01-20Circulation section1 621_010000000000000_FAI_1978 42943Central Library, BUET  621.01/FAI/1978General BookCentral Library, BUET2015-01-20 2015-01-20
2024-12-11Rental section৬/ক-১ 621_010000000000000_FAI_1970 63135Central Library, BUET  621.01 FAI/1970Rental ItemCentral Library, BUET1985-06-11 2024-12-11
2024-12-11Rental section৬/ক-২ 621_010000000000000_FAI_1970 63136Central Library, BUET  621.01 FAI/1970Rental ItemCentral Library, BUET1985-06-11 2024-12-11
2024-12-11Rental section৬/ক-৩ 621_010000000000000_FAI_1970 63137Central Library, BUET  621.01 FAI/1970Rental ItemCentral Library, BUET1985-06-11 2024-12-11
2024-12-11Rental section৬/ক-৪ 621_010000000000000_FAI_1970 63138Central Library, BUET  621.01 FAI/1970Rental ItemCentral Library, BUET1985-06-11 2024-12-11
2024-12-11Rental section৬/ক-৫ 621_010000000000000_FAI_1970 63139Central Library, BUET  621.01 FAI/1970Rental ItemCentral Library, BUET1985-06-11 2024-12-11
2024-12-11Rental section৬/ক-৬ 621_010000000000000_FAI_1970 63140Central Library, BUET  621.01 FAI/1970Rental ItemCentral Library, BUET1985-06-11 2024-12-11
2024-12-11Rental section৬/ক-৭ 621_010000000000000_FAI_1970 63141Central Library, BUET  621.01 FAI/1970Rental ItemCentral Library, BUET1985-06-11 2024-12-11
2024-12-11Rental section৬/ক-৮ 621_010000000000000_FAI_1970 63142Central Library, BUET  621.01 FAI/1970Rental ItemCentral Library, BUET1985-06-11 2024-12-11
2024-12-11Rental section৬/ক-৯ 621_010000000000000_FAI_1970 63143Central Library, BUET  621.01 FAI/1970Rental ItemCentral Library, BUET1985-06-11 2024-12-11
2024-12-11Rental section৬/ক-১০ 621_010000000000000_FAI_1970 63144Central Library, BUET  621.01 FAI/1970Rental ItemCentral Library, BUET1985-06-11 2024-12-11
2024-12-11Rental section৬/ক-১১ 621_010000000000000_FAI_1970 63145Central Library, BUET  621.01 FAI/1970Rental ItemCentral Library, BUET1985-06-11 2024-12-11
2024-12-11Rental section৬/ক-১২ 621_010000000000000_FAI_1970 63146Central Library, BUET  621.01 FAI/1970Rental ItemCentral Library, BUET1985-06-11 2024-12-11
2024-12-11Rental section৬/ক-১৩ 621_010000000000000_FAI_1970 63147Central Library, BUET  621.01 FAI/1970Rental ItemCentral Library, BUET1985-06-11 2024-12-11
2024-12-11Rental section৬/ক-১৪ 621_010000000000000_FAI_1970 63148Central Library, BUET  621.01 FAI/1970Rental ItemCentral Library, BUET1985-06-11 2024-12-11
2024-12-11Rental section৬/ক-১৫ 621_010000000000000_FAI_1970 63149Central Library, BUET  621.01 FAI/1970Rental ItemCentral Library, BUET1985-06-11 2024-12-11
2024-12-11Rental section৬/ক-১৬ 621_010000000000000_FAI_1970 63150Central Library, BUET  621.01 FAI/1970Rental ItemCentral Library, BUET1985-06-11 2024-12-11
2024-12-11Rental section৬/ক-১৭ 621_010000000000000_FAI_1970 63151Central Library, BUET  621.01 FAI/1970Rental ItemCentral Library, BUET1985-06-11 2024-12-11
2024-12-11Rental section৬/ক-১৮ 621_010000000000000_FAI_1970 63152Central Library, BUET  621.01 FAI/1970Rental ItemCentral Library, BUET1985-06-11 2024-12-11
2024-12-11Rental section৬/ক-১৯ 621_010000000000000_FAI_1970 63153Central Library, BUET  621.01 FAI/1970Rental ItemCentral Library, BUET1985-06-11 2024-12-11
2024-12-11Rental section৬/ক-২০ 621_010000000000000_FAI_1970 63154Central Library, BUET  621.01 FAI/1970Rental ItemCentral Library, BUET1985-06-11 2024-12-11